| 000 | 00645nam a2200241Ia 4500 | ||
|---|---|---|---|
| 003 | OSt | ||
| 005 | 20220924153327.0 | ||
| 006 | a|||||r|||| 00| 0 | ||
| 007 | ta | ||
| 008 | 220923b |||||||| |||| 00| 0 guj d | ||
| 024 | _a347867 | ||
| 037 | _cTextual | ||
| 040 |
_aARTS _cARTS _bguj |
||
| 041 |
_2guj _aguj |
||
| 082 | _aO156,3M77,13, F8 | ||
| 100 |
_aVarta Sarjanbhuti _9228516 |
||
| 245 | 0 | _aUsha | |
| 260 | _c1928 | ||
| 650 | _aGUJRATI LITERATURE | ||
| 700 |
_a Nohanalal Daulata Ram _9228517 |
||
| 942 |
_hO156,3M77,13, F8 _cTEXL _2CC |
||
| 999 |
_c473147 _d473147 |
||